| 000 | 00464pab a2200157 454500 | ||
|---|---|---|---|
| 008 | 180718b2018 xxu||||| |||| 00| 0 eng d | ||
| 100 | _aBailer, Stefanie | ||
| 245 | _aTo use the whip or not: whether and when party group leaders use disciplinary measures to achieve voting unity | ||
| 260 | _c2018 | ||
| 300 | _ap.163-177. | ||
| 362 | _aMar | ||
| 650 | _aElections | ||
| 650 | _aVoting | ||
| 773 | _aInternational Political Science Review | ||
| 909 | _a116908 | ||
| 999 |
_c116902 _d116902 |
||